00981nam a2200265 i 4500001000700000003000900007005001700016008004100033080001100074080001100085100003300096245013600129250001200265260003900277300004100316490003000357504003200387650002700419650002000446700003200466830003800498852003700536999001900573952012300592186987ES-MaACL20230906222806.0170322s1969 xxuao |||| |deng d a159.96 a612.821 aDelgado, José M. R.94341210aPhysical control of the mind b: toward a psychocivilized society /cJosé M.R. Delgado ; planned and edited by Ruth Nanda Anshen. a1st ed. aNew York : bHarper & Row, c1969. aXXI, 280 p. : bil., fot. ; c23 cm.1 aWorld perspectives ; v41 aBibliografía: p. 263-280.04aMente y cuerpo.914993 4aCerebro.9109031 aAnshen, Ruth Nanda.91621410 aWorld perspectives ; v419225489 aES-MaACLjC-53435 z- enc. cart. c186987d186987 00104070aATENEOMbATENEOMcDEPO2d2017-03-22eDONl0oC-53435p1197261r2023-02-23 00:00:00w2023-02-23yMONOGRAFIA